00830naa#a2200181#i#4500001002000000005001700020011001400037100004100051102000700092200023200099210008300331215001000414608004500424675005400469686005900523700005200582856001400634RU\NORMA\bibl\2796420260511163519.1##a1605-6590##a20190318b2019####ek#y0rusy0150####ca##aRU1#aОб эвристической перспективе правовой аксиологии в процессе переосмысления понятия «правовой договор»eЖурнальная статья1#aМоскваcЮридическое издательство Нормаd2019##a0 с.##aЖурнальная статья2local##aПраво. Юридические науки. 34##aПраво. Юридические науки. 672bbk#1aКрупеняgЕлена Михайловна4#azh-szf.ru